| 000 | 00364nam a2200145Ia 4500 | ||
|---|---|---|---|
| 008 | 150201s1993 xx 000 0 und d | ||
| 082 |
_a157.3 _bP1993H |
||
| 100 | _aHODGKIN,JOHN K. | ||
| 245 | _aPULMONARY REHABILITATION | ||
| 250 | _a2ND | ||
| 260 |
_bLIPPINCOTT PUBLICATION _aPHILADELPHIA _c1993 |
||
| 300 | _a1-618 | ||
| 650 | _aPHYSIOTHERAPY | ||
| 942 |
_2ddc _cBK |
||
| 999 |
_c4324 _d4324 |
||